书目信息 |
| 题名: |
雕塑
|
|
| 作者: | 陈刚 编著 | |
| 分册: | ||
| 出版信息: | 重庆 西南师范大学出版社 1999 |
|
| 页数: | 55页 | |
| 开本: | 26cm | |
| 丛书名: | 21世纪美术教育丛书 | |
| 单 册: | ||
| 中图分类: | J30-43 | |
| 科图分类: | ||
| 主题词: | 雕塑理论 | |
| 电子资源: | ||
| ISBN: | 7-5621-1313-0 | |
| 000 | 00592nam2 2200217 45 | |
| 001 | 0401171999 | |
| 005 | 20040416150601.4 | |
| 010 | @a7-5621-1313-0@dCNY23.00 | |
| 100 | @a20040117d1999 km y0chiy0120 ea | |
| 101 | 0 | @achi |
| 105 | @af z 000yy | |
| 200 | 1 | @a雕塑@ADiao Su@f陈刚编著@FChen Gang Bian Zhu |
| 210 | @a重庆@c西南师范大学出版社@d1999 | |
| 215 | @a55页@c图@d26cm | |
| 225 | @a21世纪美术教育丛书 | |
| 410 | @12001 @a21世纪美术教育丛书 | |
| 606 | 0 | @a雕塑理论 |
| 690 | @aJ30-43@v4 | |
| 701 | 0 | @a陈刚@4编著 |
| 801 | @aCN@bTSTCL@c20040117 | |
| 905 | @b331597-599@dJ30-43@e14@f3 | |
| 雕塑/陈刚编著.-重庆:西南师范大学出版社,1999 |
| 55页:图;26cm.-(21世纪美术教育丛书) |
| ISBN 7-5621-1313-0:CNY23.00 |
| ● |
| 相关链接 |
|
|
|
|
正题名:雕塑
索取号:J30-43/14
 
预约/预借
| 序号 | 登录号 | 条形码 | 馆藏地/架位号 | 状态 | 备注 |
| 1 | 0331597 | 203315974 | 第一借阅区/ [索取号:J30-43/14] | 在馆 | |
| 2 | 0331598 | 203315983 | 第一借阅区/ [索取号:J30-43/14] | 在馆 | |
| 3 | 0331599 | 203315992 | 第一样本阅览室/ [索取号:J30-43/14] | 在馆 |